1196 1208 1369 1991 1317 1263 1028 1619 1567 1648 1589 1480 1391 1950 1283 1185 1791 1920 1417 1333 1976 1439 1743 1620 1718 1558 1067 1783 1947 1303 1942 1709 1883 1893 1538 1034 1822 1518 1531 1875 1406 1557 1472 1932 1071 1648 1724 1746 1985 1906 1864 1035 1413 1250 1692 1194 1559 1571 1090 1448 1737 1175 1452 1066 1559 1959 1912 1108 1548 1269 1483 1336 1213 1072 1408 1465 1616 1605 1561 1505 1642 1543 1458 1878 1009 1244 1609 1535 1487 1126 1128 1040 1231 1813 1316 1913 1782 1512 1106 BCNSPRNW ULIB Ver.6.0+V

เปลี่ยนเป็นภาษาไทย

Change to English
 แสดงรายละเอียดบรรณานุกรม
  กลับหน้าหลัก

Brief Record : Get Marc (ISO 2709) : E-mail record : QR code < ปิดหน้าต่าง
LEADER : 00000nam 2200000uu 4500
001    13399111711
003     ULIB
008    110706s2546||||th 000 0 tha d
050 04 BQ5375^bพ349ค 2546
100 0  พระธรรมปิฎก (ป.อ. ปยุตฺโต)
245 10 คู่มือชีวิต /^cพระธรรมปิฎก (ป.อ. ปยุตฺโต)
260    นนทบุรี :^bกองทุนวุฒิธรรม เพื่อการศึกษาและปฏิบัติธรรม,^c2546
300    229 หน้า
650  7 ธรรมะ
650  7 ธรรมะกับชีวิต
945    ^p0^l0^i015473
945    ^p0^l0^i015471
995    ทศพร
999 ^a ใช้งานได้ทุกระบบ
รายการนี้ยังไม่มีแท็ก
คุณยังไม่ได้ล็อกอิน คุณสามารถมีกิจกรรมร่วมกับเว็บไซต์ได้ แต่ต้องล็อกอินก่อน ::
  ล็อกอิน

รายการสื่อสารสนเทศ

ลำดับที่ ประเภท เลขเรียก/บาร์โค้ด สถานที่ สถานะ
- ไม่พบข้อมูล -

รายการใกล้เคียง
    หัวเรื่อง [ธรรมะ]
    หัวเรื่อง [ธรรมะกับชีวิต]

BibComment


ยังไม่เคยถูกคอมเมนท์

คอมเมนท์ทรัพยากรรายการนี้
  คอมเมนท์: คู่มือชีวิต พระธ..


 Copyright 2026. Bcnsprnw @Library